Nghiên cứu chiết tách Polyphenol từ cây điều để làm chất khoáng oxi hóa
Tổng quan. Đối tượng và phương pháp nghiên cứu. Kết quả và thảo luận...
Spremljeno u:
| Glavni autor: | |
|---|---|
| Daljnji autori: | |
| Format: | Knjiga |
| Jezik: | Vietnamese |
| Izdano: |
Đà Nẵng
Đại học Đà Nẵng
2011
|
| Teme: | |
| Oznake: |
Dodaj oznaku
Bez oznaka, Budi prvi tko označuje ovaj zapis!
|
| Thư viện lưu trữ: | Mạng thư viện Đại học Đà Nẵng |
|---|
| LEADER | 01440nam a2200361 4500 | ||
|---|---|---|---|
| 001 | 000010616 | ||
| 003 | 6823 | ||
| 005 | 20111216071212.0 | ||
| 008 | 111216s2011 viesd | ||
| 041 | |a vie | ||
| 072 | |a Luận văn Thạc sĩ Khoa học | ||
| 082 | |a 664.805022 |b NG-M | ||
| 100 | |a Nguyễn Thị Sương Mai | ||
| 245 | |a Nghiên cứu chiết tách Polyphenol từ cây điều để làm chất khoáng oxi hóa |c Nguyễn Thị Sương Mai | ||
| 260 | |a Đà Nẵng |b Đại học Đà Nẵng |c 2011 | ||
| 300 | |a 60 tr. |c 29 cm |e CD. Tóm tắt | ||
| 500 | |a Luận văn Thạc sĩ. Chuyên ngành: Hóa hữu cơ. Mã số: 60.44.27 | ||
| 520 | |a Tổng quan. Đối tượng và phương pháp nghiên cứu. Kết quả và thảo luận... | ||
| 653 | |a Cây Điều | ||
| 653 | |a Oxi hóa | ||
| 653 | |a Luận văn Thạc sĩ Hóa hữu cơ | ||
| 653 | |a Hóa học | ||
| 700 | |a Lê Thị Liên Thanh |c PGS.TS |e Hướng dân | ||
| OWN | |a LSP | ||
| AVA | |a UDN50 |b LSP |d 664.805022 NG-M |e available |t Error 5001 Not defined in file expand_doc_bib_avail. |f 1 |g 0 |h N |i 0 |k 1 | ||
| 999 | |a From the UDN01 | ||
| AVA | |a UDN50 |b LSP |d 664.805022 NG-M |e available |t Error 5001 Not defined in file expand_doc_bib_avail. |f 1 |g 0 |h N |i 0 |k 1 | ||
| TYP | |a Monograph | ||
| TYP | |a Printed language | ||
| 980 | |a Mạng thư viện Đại học Đà Nẵng | ||